| 000 | 00514nam a2200193Ia 4500 | ||
|---|---|---|---|
| 001 | 12247 | ||
| 003 | GE_BSU | ||
| 008 | 181216s||||||||xx |||||||||||||| ||und|| | ||
| 040 | _cGE_BSU | ||
| 080 | _a005+339.138 | ||
| 245 | _aFundamentals of Destination Management and Marketing | ||
| 245 | _cEdited by Rich Harrill,Ph | ||
| 260 | _c2013 | ||
| 300 | _a281p.23cm. | ||
| 541 | _h191Gel. | ||
| 653 | _aFundamentals of Destination Management and Marketing | ||
| 653 | _aმარკეტინგი | ||
| 942 | _cBK | ||
| 999 |
_c45423 _d45423 |
||